Cooperation South : (Record no. 18565)

000 -LEADER
fixed length control field 00532nam a2200157Ia 4500
040 ## - CATALOGING SOURCE
Transcribing agency BNT
082 ## - DEWEY DECIMAL CLASSIFICATION NUMBER
Classification number 339 TCD 2001 C148 Or.
245 00 - TITLE STATEMENT
Title Cooperation South :
Remainder of title getting connected: information and communications technology for development
260 ## - PUBLICATION, DISTRIBUTION, ETC. (IMPRINT)
Place of publication New York, N.Y. :
Name of publisher TCDC United Nations Development Programme,
Year of publication 2001
300 ## - PHYSICAL DESCRIPTION
Number of Pages 161 p. :
Other physical details ill ;
Dimensions 23 cm
650 #0 - SUBJECT ADDED ENTRY--TOPICAL TERM
Topical Term Information technology
650 #0 - SUBJECT ADDED ENTRY--TOPICAL TERM
Topical Term Southern Hemisphere
710 1# - ADDED ENTRY--CORPORATE NAME
Corporate name or jurisdiction name as entry element United Nations
710 1# - ADDED ENTRY--CORPORATE NAME
Corporate name or jurisdiction name as entry element United Nations Development Programme.
942 ## - ADDED ENTRY ELEMENTS (KOHA)
Koha item type ADB
952 ## - LOCATION AND ITEM INFORMATION (KOHA)
Withdrawn status [LOCAL, KOHA] 0
Holdings
Source of acquisition Permanent Location Date acquired Koha item type Lost status Shelving location Current Location Full call number
A35337Library Block C2019-12-23សៀវភៅភាសាអង់គ្លេស C148Library Block C339 TCD 2001 C148 Or.
មជ្ឈមណ្ឌលឯការនៃសាកលវិទ្យាល័យភូមិន្ទកសិកម្មចំការដូង

Powered by Koha